书目信息 |
| 书名: | Mainline, progress B | |
| 作者: | ||
| 分册号: | ||
| 分册名: | 出版地: | London : |
|
| 出版社: | Longman | |
| 出版时间: | 1978. | |
| 页数: | 133 p. : | |
| 开本: | 20020930 | |
| 丛书名: | ||
| 中图分类号: | ||
| 科图分类号: | ||
| 其他分类号: | H31 | |
| 主题词: | ||
| 电子资源: | ||
| 000 | 00683nam 2200217 a 4500 | |
| 001 | E0753133968 | |
| 005 | 20070805112403.39 | |
| 008 | uu | |
| 008 | 1978 | |
| 020 | @a0-582-51947-0. | |
| 040 | @aNLC | |
| 049 | @aN5LA | |
| 090 | @a2/H319.4/ALGPS////////263003/*967134-5/ cop.2-3/*963534-6/ cop.4-6 | |
| 090 | @aH31 | |
| 096 | @aH319.4 @v2 | |
| 099 | @dH31@ex111:2(2) | |
| 100 | 1 | @aAlexander, L. G. |
| 245 | 10 | @aMainline, progress B :@bstudents' book. |
| 260 | @aLondon :@bLongman,@c1978. | |
| 300 | @a133 p. :@b00 ;@c20020930@lNLC09@h2244@lNLC09@h2231@lNLC09@h1823 :@b01 ;@c20030901@lNLC09@h1132 :@b01 ;@c20030901@lNLC09@h1132 | |
| 852 | 9 | @bWWJC @cJ08S @k2 @hH319.4 @iALGPS |
| Mainline, progress B : : students' book.-London : : Longman, , 1978. |
| 133 p. : : 00 ; ; 20020930 : 01 ; ; 20030901 : 01 ; ; 20030901 |
| ISBN 0-582-51947-0. |
| ● |
| 相关链接 |
|
|
|
|
正题名:Mainline, progress B
索取号:H31/x111:2(2)
 
预约/预借
| 序号 | 登录号 | 条形码 | 馆藏地/架位号 | 状态 | 备注 |
| 1 | 0014420 | 300144207 | 密集书库/ [索取号:H31/x111:2(2)] | 在馆 | |
| 2 | 0015339 | 300153394 | 密集书库/ [索取号:H31/x111:2(2)] | 在馆 | |
| 3 | 0015417 | 300154179 | 密集书库/ [索取号:H31/x111:2(2)] | 在馆 | |
| 4 | 124926 | 202133146 | 第四借阅区/ [索取号:H31/x111:2(2)] | 在馆 | |
| 5 | 124927 | 001040938 | 密集书库/ [索取号:H31/x111:2(2)] | 在馆 | |
| 6 | 124928 | 001040947 | 密集书库/ [索取号:H31/x111:2(2)] | 在馆 | |
| 7 | 124929 | 001158357 | 第四借阅区/ [索取号:H31/x111:2(2)] | 在馆 | |
| 8 | 78750 | 001158348 | 密集书库/ [索取号:H31/x111:2(2)] | 在馆 | |
| 9 | 78751 | 001040812 | 密集书库/ [索取号:H31/x111:2(2)] | 在馆 | |
| 10 | 78752 | 001040858 | 密集书库/ [索取号:H31/x111:2(2)] | 在馆 | |
| 11 | 78753 | 001040901 | 第四借阅区/ [索取号:H31/x111:2(2)] | 在馆 | |
| 12 | 78754 | 001040867 | 密集书库/ [索取号:H31/x111:2(2)] | 在馆 | |
| 13 | 78755 | 001158366 | 第四借阅区/ [索取号:H31/x111:2(2)] | 在馆 | |
| 14 | 78756 | 001040876 | 密集书库/ [索取号:H31/x111:2(2)] | 在馆 | |
| 15 | 78757 | 001040974 | 密集书库/ [索取号:H31/x111:2(2)] | 在馆 | |
| 16 | 78758 | 001040910 | 密集书库/ [索取号:H31/x111:2(2)] | 在馆 | |
| 17 | 78759 | 001040894 | 密集书库/ [索取号:H31/x111:2(2)] | 在馆 | |
| 18 | 79339 | 001040821 | 第二样本阅览室/ [索取号:H31/x111:2(2)] | 在馆 |